000 00320nam a2200133 i 4500
001 bg
100 1 _aNADASI, Endre
245 0 _aNowoczesne metody metalizacji natryskowej /
_cEndre Nadasi.
260 _aWarszawa,
_c1975.
040 _cBPK
041 _apol
942 _cKS
008 s pl f |000 0 pol
999 _c16587
_d16587
856 _uhttp://koha.tu.koszalin.pl/cgi-bin/koha/opac-detail.pl?biblionumber=16587
_yKatalog online BPK